Εντροπία και τέχνη = Entropy and art : an essay on disorder and order
Saved in:
| Main Author: | |
|---|---|
| Other Authors: | |
| Format: | Book |
| Language: | Greek English |
| Published: |
Θεσσαλονίκη :
University Studio Press,
2003.
|
| Subjects: | |
| Tags: |
Add Tag
No Tags, Be the first to tag this record!
|
MARC
| LEADER | 00000cam a2200000 i 4500 | ||
|---|---|---|---|
| 001 | 1/32224 | ||
| 008 | 060713s2003####gr ||||||| |||| ||gre|| | ||
| 020 | |a 960-12-1209-4 | ||
| 035 | |l 10084620 | ||
| 040 | |a GR-MyUa |b gre |e AACR2 | ||
| 041 | 1 | |a gre |h eng | |
| 082 | 1 | |a 701.15 |2 (22) | |
| 100 | 1 | |a Arnheim, Rudolf. | |
| 245 | 1 | 0 | |a Εντροπία και τέχνη = |b Entropy and art : an essay on disorder and order / |c Rudolf Arnheim ; μετάφραση Ιάκωβος Ποταμιάνος ; επιμέλεια Ιάκωβος Ποταμιάνος, Γιώτα Βρυώνη. |
| 246 | 1 | |i Παράλληλος τίτλος: |a Entropy and art : |b an essay on disorder and order | |
| 260 | |a Θεσσαλονίκη : |b University Studio Press, |c 2003. | ||
| 300 | |a 114 σ. ; |c 21 εκ. | ||
| 504 | |a Περιλαμβάνει βιβλιογραφικές παραπομπές: (σ. 107-112) και ευρετήριο. | ||
| 650 | 0 | |a Order (philosophy) | |
| 650 | 0 | |a Art |x Philosophy. | |
| 650 | 0 | |a Art, Modern |y 20th century. | |
| 650 | 0 | |a Entropy. | |
| 700 | 1 | |a Ποταμιάνος, Ιάκωβος, |e edt |e trl | |
| 852 | |a INST |b SYROS |e 20060713 |h 701.15 ARN |p 005500004788 |q 005500004788 |t BK |y 0 | ||
| 852 | |a INST |b SYROS |e 20060713 |h 701.15 ARN |p 005500004789 |q 005500004789 |t BK |y 0 | ||
| 901 | |a BIBL5-2006-2 | ||
| 920 | |a Αναμόρφωση |b ΕΠΕΑΕΚ ΙΙ-ΤΜΣΠΣ |y Σύρος |z 2006-06 | ||
| 970 | |a Κοντού |b Παρασκευή |z 12/07/2006 | ||